The street lawyer

Bibliographic Details
Main Author: Grisham, John
Format: Book
Published: New York : Dell Publishing , 1998
Subjects:

MARC

LEADER 00000cam a2200000 7i4500
001 0000008005
005 20071227.0
008 070910
020 |a 0440225701 
090 0 0 |a GRI   |b ENG 
100 1 |a Grisham, John 
245 1 4 |a The street lawyer   |c John Grisham 
260 |a New York :   |b Dell Publishing ,   |c 1998 
650 0 |a Novel 
999 |a 0000992191   |b Book   |c Adult Collection   |e Perbadanan Perpustakaan Awam Johor 
999 |a 0000992192   |b Book   |c Adult Collection   |e Perbadanan Perpustakaan Awam Johor 
999 |a 0000992193   |b Book   |c Adult Collection   |e Perbadanan Perpustakaan Awam Johor 
999 |a 0001037274   |b Book   |c Adult Collection   |e Cawangan Segamat